LEADER 01471nam 2200457 450 001 996485658603316 005 20231110212409.0 010 $a3-030-87619-5 035 $a(CKB)5680000000073333 035 $a(MiAaPQ)EBC7078330 035 $a(Au-PeEL)EBL7078330 035 $a(OCoLC)1343197446 035 $a(PPN)264191676 035 $a(EXLCZ)995680000000073333 100 $a20230527d2022 uy 0 101 0 $aeng 135 $aurcnu|||||||| 181 $ctxt$2rdacontent 182 $cc$2rdamedia 183 $acr$2rdacarrier 200 00$aSpace-division multiplexing in optical communication systems $eextremely advanced optical transmission with 3M technologies /$fedited by Masataka Nakazawa [and three others] 210 1$aCham, Switzerland :$cSpringer,$d[2022] 210 4$dİ2022 215 $a1 online resource (0 pages) 225 1 $aSpringer Series in Optical Sciences ;$vv.236 311 $a3-030-87617-9 320 $aIncludes bibliographical references and index. 410 0$aSpringer Series in Optical Sciences 606 $aFiber optics 606 $aOptical communications 615 0$aFiber optics. 615 0$aOptical communications. 676 $a621.3692 702 $aNakazawa$b Masataka 801 0$bMiAaPQ 801 1$bMiAaPQ 801 2$bMiAaPQ 906 $aBOOK 912 $a996485658603316 996 $aSpace-division multiplexing in optical communication systems$93371631 997 $aUNISA